000 00503nam a22001577a 4500
008 131008b xxu||||| |||| 00| 0 alb d
020 _a9789951574167
041 0 _aalb
080 _a006
_x(496.51)
245 1 0 _aKatalogu i Standardeve Kosovare 2011. /
260 _aPrishtinë, :
_bMinistria e Tregtisë dhe Industrisë ;
_c2011
300 _a533 f, :
_c20 cm.
500 _aTë dhënat nga kopertina
650 0 _aStandardet
_xKatalogët
_zKosovë
942 _2udc
_cBK
999 _c51
_d51